| 000 | 00562nam a2200193Ia 4500 | ||
|---|---|---|---|
| 003 | SISC | ||
| 005 | 20170126135159.0 | ||
| 008 | 140609s9999 xx 000 0 und d | ||
| 020 | _a9781435896314 | ||
| 050 |
_aHD 9940.A2 _b.W56 2011 |
||
| 100 | _aWilson, Rosie. | ||
| 245 |
_aFashion industry / _cRosie Wilson. |
||
| 260 |
_aNew York : _bRosen Central, _c2011. |
||
| 300 |
_a46 pages : _bcolor illustrations ; _c25 cm. |
||
| 440 | _a(A closer look: global industries). | ||
| 500 | _aIncludes glossary and index. | ||
| 942 |
_kFOR _cBK _2lcc |
||
| 999 |
_c118188 _d118188 |
||